<?xml version="1.0" encoding="UTF-8"?>
<record
    xmlns:xsi="http://www.w3.org/2001/XMLSchema-instance"
    xsi:schemaLocation="http://www.loc.gov/MARC21/slim http://www.loc.gov/standards/marcxml/schema/MARC21slim.xsd"
    xmlns="http://www.loc.gov/MARC21/slim">

  <leader>00501nam a2200169Ia 4500</leader>
  <controlfield tag="008">220501s2021    xx            000 0 eng d</controlfield>
  <datafield tag="020" ind1=" " ind2=" ">
    <subfield code="a">9789354242625</subfield>
  </datafield>
  <datafield tag="082" ind1=" " ind2=" ">
    <subfield code="a">658.8 GUP-M</subfield>
  </datafield>
  <datafield tag="100" ind1=" " ind2=" ">
    <subfield code="a">Gupta, Seema</subfield>
  </datafield>
  <datafield tag="245" ind1=" " ind2="0">
    <subfield code="a">Marketing analytics</subfield>
    <subfield code="c">Seema Gupta and Avadhoot Jathar</subfield>
  </datafield>
  <datafield tag="260" ind1=" " ind2=" ">
    <subfield code="a">New Delhi</subfield>
    <subfield code="b">Wiley</subfield>
    <subfield code="c">2021</subfield>
  </datafield>
  <datafield tag="300" ind1=" " ind2=" ">
    <subfield code="a">xxiii, 374</subfield>
  </datafield>
  <datafield tag="650" ind1=" " ind2=" ">
    <subfield code="a">Marketing - Management - Data processing</subfield>
  </datafield>
  <datafield tag="650" ind1=" " ind2=" ">
    <subfield code="a">Marketing - Statistical methods</subfield>
  </datafield>
  <datafield tag="650" ind1=" " ind2=" ">
    <subfield code="a">Marketing management</subfield>
  </datafield>
  <datafield tag="942" ind1=" " ind2=" ">
    <subfield code="2">ddc</subfield>
    <subfield code="c">REF</subfield>
    <subfield code="0">39</subfield>
  </datafield>
  <datafield tag="999" ind1=" " ind2=" ">
    <subfield code="c">18526</subfield>
    <subfield code="d">18526</subfield>
  </datafield>
  <datafield tag="952" ind1=" " ind2=" ">
    <subfield code="0">0</subfield>
    <subfield code="1">0</subfield>
    <subfield code="2">ddc</subfield>
    <subfield code="4">0</subfield>
    <subfield code="7">0</subfield>
    <subfield code="a">SOBD</subfield>
    <subfield code="b">SOBD</subfield>
    <subfield code="d">2022-05-17</subfield>
    <subfield code="e">Vedi Books</subfield>
    <subfield code="o">658.8 GUP-M1</subfield>
    <subfield code="p">001360</subfield>
    <subfield code="r">2022-07-01</subfield>
    <subfield code="t">1</subfield>
    <subfield code="w">2022-04-13</subfield>
    <subfield code="y">REF</subfield>
    <subfield code="k">VEDI/22-23/04/09</subfield>
  </datafield>
  <datafield tag="952" ind1=" " ind2=" ">
    <subfield code="0">0</subfield>
    <subfield code="1">0</subfield>
    <subfield code="2">ddc</subfield>
    <subfield code="4">0</subfield>
    <subfield code="7">0</subfield>
    <subfield code="a">SOBD</subfield>
    <subfield code="b">SOBD</subfield>
    <subfield code="d">2022-05-17</subfield>
    <subfield code="e">Vedi Books</subfield>
    <subfield code="l">3</subfield>
    <subfield code="m">4</subfield>
    <subfield code="o">658.8 GUP-M2</subfield>
    <subfield code="p">001361</subfield>
    <subfield code="r">2023-09-27</subfield>
    <subfield code="s">2023-09-05</subfield>
    <subfield code="t">2</subfield>
    <subfield code="w">2022-04-13</subfield>
    <subfield code="y">BK</subfield>
    <subfield code="k">VEDI/22-23/04/09</subfield>
  </datafield>
  <datafield tag="952" ind1=" " ind2=" ">
    <subfield code="0">0</subfield>
    <subfield code="1">0</subfield>
    <subfield code="2">ddc</subfield>
    <subfield code="4">0</subfield>
    <subfield code="7">0</subfield>
    <subfield code="a">SOBD</subfield>
    <subfield code="b">SOBD</subfield>
    <subfield code="d">2022-05-17</subfield>
    <subfield code="e">Vedi Books</subfield>
    <subfield code="l">2</subfield>
    <subfield code="m">4</subfield>
    <subfield code="o">658.8 GUP-M3</subfield>
    <subfield code="p">001362</subfield>
    <subfield code="r">2024-09-02</subfield>
    <subfield code="s">2024-07-24</subfield>
    <subfield code="t">3</subfield>
    <subfield code="w">2022-04-13</subfield>
    <subfield code="y">BK</subfield>
    <subfield code="k">VEDI/22-23/04/09</subfield>
  </datafield>
  <datafield tag="952" ind1=" " ind2=" ">
    <subfield code="0">0</subfield>
    <subfield code="1">0</subfield>
    <subfield code="2">ddc</subfield>
    <subfield code="4">0</subfield>
    <subfield code="7">0</subfield>
    <subfield code="a">SOBD</subfield>
    <subfield code="b">SOBD</subfield>
    <subfield code="d">2022-05-17</subfield>
    <subfield code="e">Vedi Books</subfield>
    <subfield code="l">3</subfield>
    <subfield code="o">658.8 GUP-M4</subfield>
    <subfield code="p">001363</subfield>
    <subfield code="r">2025-08-18</subfield>
    <subfield code="s">2025-08-01</subfield>
    <subfield code="t">4</subfield>
    <subfield code="w">2022-04-13</subfield>
    <subfield code="y">BK</subfield>
    <subfield code="k">VEDI/22-23/04/09</subfield>
  </datafield>
  <datafield tag="952" ind1=" " ind2=" ">
    <subfield code="0">0</subfield>
    <subfield code="1">0</subfield>
    <subfield code="2">ddc</subfield>
    <subfield code="4">0</subfield>
    <subfield code="7">0</subfield>
    <subfield code="a">SOBD</subfield>
    <subfield code="b">SOBD</subfield>
    <subfield code="d">2022-05-17</subfield>
    <subfield code="e">Vedi Books</subfield>
    <subfield code="l">4</subfield>
    <subfield code="m">2</subfield>
    <subfield code="o">658.8 GUP-M5</subfield>
    <subfield code="p">001364</subfield>
    <subfield code="r">2025-07-30</subfield>
    <subfield code="s">2025-07-03</subfield>
    <subfield code="t">5</subfield>
    <subfield code="w">2022-04-13</subfield>
    <subfield code="y">BK</subfield>
    <subfield code="k">VEDI/22-23/04/09</subfield>
  </datafield>
  <datafield tag="952" ind1=" " ind2=" ">
    <subfield code="0">0</subfield>
    <subfield code="1">0</subfield>
    <subfield code="2">ddc</subfield>
    <subfield code="4">0</subfield>
    <subfield code="7">0</subfield>
    <subfield code="a">SOBD</subfield>
    <subfield code="b">SOBD</subfield>
    <subfield code="d">2022-05-17</subfield>
    <subfield code="e">Vedi Books</subfield>
    <subfield code="l">7</subfield>
    <subfield code="m">6</subfield>
    <subfield code="o">658.8 GUP-M6</subfield>
    <subfield code="p">001365</subfield>
    <subfield code="q">2026-06-09</subfield>
    <subfield code="r">2026-05-12</subfield>
    <subfield code="s">2026-05-12</subfield>
    <subfield code="t">6</subfield>
    <subfield code="w">2022-04-13</subfield>
    <subfield code="y">BK</subfield>
    <subfield code="k">VEDI/22-23/04/09</subfield>
  </datafield>
  <datafield tag="952" ind1=" " ind2=" ">
    <subfield code="0">0</subfield>
    <subfield code="1">0</subfield>
    <subfield code="2">ddc</subfield>
    <subfield code="4">0</subfield>
    <subfield code="7">0</subfield>
    <subfield code="a">SOBD</subfield>
    <subfield code="b">SOBD</subfield>
    <subfield code="d">2022-05-17</subfield>
    <subfield code="e">Vedi Books</subfield>
    <subfield code="l">5</subfield>
    <subfield code="m">2</subfield>
    <subfield code="o">658.8 GUP-M7</subfield>
    <subfield code="p">001366</subfield>
    <subfield code="r">2025-08-30</subfield>
    <subfield code="s">2025-08-16</subfield>
    <subfield code="t">7</subfield>
    <subfield code="w">2022-04-13</subfield>
    <subfield code="y">BK</subfield>
    <subfield code="k">VEDI/22-23/04/09</subfield>
  </datafield>
  <datafield tag="952" ind1=" " ind2=" ">
    <subfield code="0">0</subfield>
    <subfield code="1">0</subfield>
    <subfield code="2">ddc</subfield>
    <subfield code="4">0</subfield>
    <subfield code="7">0</subfield>
    <subfield code="a">SOBD</subfield>
    <subfield code="b">SOBD</subfield>
    <subfield code="d">2022-05-17</subfield>
    <subfield code="e">Vedi Books</subfield>
    <subfield code="l">4</subfield>
    <subfield code="m">2</subfield>
    <subfield code="o">658.8 GUP-M8</subfield>
    <subfield code="p">001367</subfield>
    <subfield code="r">2023-09-27</subfield>
    <subfield code="s">2023-09-13</subfield>
    <subfield code="t">8</subfield>
    <subfield code="w">2022-04-13</subfield>
    <subfield code="y">BK</subfield>
    <subfield code="k">VEDI/22-23/04/09</subfield>
  </datafield>
  <datafield tag="952" ind1=" " ind2=" ">
    <subfield code="0">0</subfield>
    <subfield code="1">0</subfield>
    <subfield code="2">ddc</subfield>
    <subfield code="4">0</subfield>
    <subfield code="7">0</subfield>
    <subfield code="a">SOBD</subfield>
    <subfield code="b">SOBD</subfield>
    <subfield code="d">2022-05-17</subfield>
    <subfield code="e">Vedi Books</subfield>
    <subfield code="l">10</subfield>
    <subfield code="m">6</subfield>
    <subfield code="o">658.8 GUP-M9</subfield>
    <subfield code="p">001368</subfield>
    <subfield code="r">2024-10-07</subfield>
    <subfield code="s">2024-08-23</subfield>
    <subfield code="t">9</subfield>
    <subfield code="w">2022-04-13</subfield>
    <subfield code="y">BK</subfield>
    <subfield code="k">VEDI/22-23/04/09</subfield>
  </datafield>
  <datafield tag="952" ind1=" " ind2=" ">
    <subfield code="0">0</subfield>
    <subfield code="1">0</subfield>
    <subfield code="2">ddc</subfield>
    <subfield code="4">0</subfield>
    <subfield code="7">0</subfield>
    <subfield code="a">SOBD</subfield>
    <subfield code="b">SOBD</subfield>
    <subfield code="d">2022-05-17</subfield>
    <subfield code="e">Vedi Books</subfield>
    <subfield code="l">2</subfield>
    <subfield code="m">3</subfield>
    <subfield code="o">658.8 GUP-M10</subfield>
    <subfield code="p">001369</subfield>
    <subfield code="r">2023-09-28</subfield>
    <subfield code="s">2023-09-22</subfield>
    <subfield code="t">10</subfield>
    <subfield code="w">2022-04-13</subfield>
    <subfield code="y">BK</subfield>
    <subfield code="k">VEDI/22-23/04/09</subfield>
  </datafield>
</record>
